| 000 | 00529cam a2200157 4500500 | ||
|---|---|---|---|
| 005 | 20260322014304.0 | ||
| 041 | _afre | ||
| 042 | _adc | ||
| 100 | 1 | 0 |
_aDraye, Micheline _eauthor |
| 700 | 1 | 0 |
_aDuwald, Romain _eauthor |
| 245 | 0 | 0 | _aRecycling of Waste Electrical and Electronic Equipment (WEEE) |
| 260 | _c2026. | ||
| 500 | _a22 | ||
| 786 | 0 | _nBatteries | - | 2026-03-05 | p. 9-9 | |
| 856 | 4 | 1 | _uhttps://stm.cairn.info/application-and-sustainable-battery-management--bdti42732210-m7070-page-9?lang=en&redirect-ssocas=7080 |
| 999 |
_c1787859 _d1787859 |
||